000 00506nam a22001697a 4500
005 20251108170520.0
008 250721s1999 xx 000 0 ara d
082 1 4 _a531/مير
100 1 _aميرزا، محمد قيصرون
245 1 0 _aمدخل إلى الميكانيك التقليدي /
264 1 _aالمنامه :
_bدار الأمل،
_c1999.
300 _a341ص
650 1 7 _aالميكانيكا
650 1 7 _aالهندسة الميكانيكية
942 _2ddc
_cBK
999 _c42396
_d42396